00799nam a22002417a 45000010005000000030006000050050017000110080041000280200018000690400029000870500008001160820008001241000020001322450092001522600033002443000049002774900024003265050008003505200120003585210029004785210020005077000030005277129FISKH20250626084524.0250625b cb ||||| |||| 00| 0 eng d a9788956355061 aFISKHbengcFISKHdFISKH aPZ7 a800 aSormark , Julie aThe little match girl / cRetold by Julie Sormark : through the Art Style of Rembrandt  aSeoul : be-future , c2010. a35 pages :bcolor illustrations ;c24 cm .  aArt classic stories aK  aThe wares of the poor little match girl illuminate her cold world, bringing some beauty to her brief, tragic life. 8 a510 bLexile estimate 8 aK bRaz-Plus  aChoi, JuseokeIllustrator